| 000 | 00601nam a2200205 a 4500 | ||
|---|---|---|---|
| 001 | BRCA_2323 | ||
| 005 | 20190320203747.0 | ||
| 008 | 820809s1981 sp-a---##b---#000-0bspa-# | ||
| 020 | _a8423942848 | ||
| 040 |
_aDLC _cDLC _dDLC |
||
| 050 | 4 |
_aND813.T4 _b.C67 1981 |
|
| 100 | 1 |
_aCossío, Manuel B. _d1858-1935 _96985 |
|
| 245 | 1 | 0 |
_aEl Greco _cManuel B. Cossio. |
| 260 |
_aMadrid _bEspasa-Calpe _c1981 |
||
| 300 |
_a302 p. _bil. (algunas a color) _c32 cm. |
||
| 504 | _aBibliografía: p. 299-302 | ||
| 600 | 1 | 4 |
_aGreco _d1541?-1614 _96986 |
| 650 | 1 | 4 |
_aPintores _vBiografías _zEspaña _95122 |
| 942 |
_2lcc _cB |
||
| 999 |
_c2068 _d2068 |
||